Extracto de las sesiones que acerca la vinicultura profesó en 1872 en el Instituto Agrícola Catalán de San Isidro D. Luis Justo y Villanueva / (Record no. 156530)

MARC details
000 -LEADER
campo de control de longitud fija 00968nam a22002292i 4500
001 - NÚMERO DE CONTROL
campo de control 156530
003 - IDENTIFICADOR DE NÚMERO DE CONTROL
campo de control ES-MaACL
005 - FECHA Y HORA DE LA ÚLTIMA TRANSACCIÓN
campo de control 20230906210431.0
008 - DATOS DE LONGITUD FIJA--INFORMACIÓN GENERAL
campo de control de longitud fija 940622s1872 sp a |||| | spa d
040 ## - FUENTE DE CATALOGACIÓN
Centro catalogador/agencia de origen CAT
Lengua de catalogación spa
Centro/agencia transcriptor CAT
Centro/agencia modificador CCPB
080 ## - NÚMERO DE LA CLASIFICACIÓN DECIMAL UNIVERSAL
Número de la Clasificación Decimal Universal 634
100 1# - ENTRADA PRINCIPAL--NOMBRE DE PERSONA
Nombre de persona Justo y Villanueva, Luis.
9 (RLIN) 128413
245 10 - MENCIÓN DEL TÍTULO
Título Extracto de las sesiones que acerca la vinicultura profesó en 1872 en el Instituto Agrícola Catalán de San Isidro D. Luis Justo y Villanueva /
Mención de responsabilidad, etc. obra publicada por el mismo profesor bajo los auspicios del periódico La Ciencia al Alcance de Todos.
260 ## - PUBLICACIÓN, DISTRIBUCIÓN, ETC.
Lugar de publicación, distribución, etc. Barcelona :
Nombre del editor, distribuidor, etc. Tipografía Católica,
Fecha de publicación, distribución, etc. 1872.
300 ## - DESCRIPCIÓN FÍSICA
Extensión 124 p., 1 h. pleg. de làm. ;
Dimensiones 24 cm.
490 1# - MENCIÓN DE SERIE
Mención de serie Biblioteca agrícola
650 #4 - PUNTO DE ACCESO ADICIONAL DE MATERIA--TÉRMINO DE MATERIA
Término de materia o nombre geográfico como elemento de entrada Viticultura.
9 (RLIN) 136993
710 2# - ENTRADA AGREGADA--NOMBRE DE ENTIDAD CORPORATIVA
Nombre de entidad corporativa o nombre de jurisdicción como elemento de entrada Institut Agrícola Català de Sant Isidre.
9 (RLIN) 176166
830 0# - PUNTO DE ACCESO ADICIONAL DE SERIE-TÍTULO UNIFORME
Título uniforme Biblioteca agrícola
9 (RLIN) 188076
852 ## - LOCALIZACIÓN
Ubicación ES-MaACL
Número de control de estantería T-832-F-5
Nota libre -- Enc. hol.
-- -- Enc. en un vol. facticio
Holdings
Estatus retirado Estado de pérdida Estado de daño No para préstamo Colección Biblioteca de origen Biblioteca actual Ubicación en estantería Fecha de adquisición Total de préstamos Signatura topográfica completa Código de barras Visto por última vez Precio de reemplazo Tipo de ítem Koha
        Colección de folletos Biblioteca del Ateneo de Madrid Biblioteca del Ateneo de Madrid Depósito folletos 17/01/2008   T-832-F-5 1163766 23/02/2023 23/02/2023 Folleto